Computer aided engineering : 1985 proceedings, ASEE Annual Conference, June 16-20,1985 /

Bibliographic Details
Corporate Author: American Society for Engineering Education. Conference
Other Authors: Biedenbach, Joseph M., Grayson, Lawrence P.
Format: Book
Language:English
Published: Washington, D.C. : The Society, [1985]
Subjects:

MARC

Tag First Indicator Second Indicator Subfields
LEADER 00000cam a2200000 a 4500
001 in00001362001
005 20151006093623.0
008 850625s1985 dcua b 101 0 eng d
019 |a 14058901 
035 |a (OCoLC)12197157 
035 |9 AHK1491AM 
040 |a IRQ  |c IRQ  |d NRC  |d OCL  |d IPL  |d OCL  |d UtOrBLW 
049 |a TXAM 
090 |a T62  |b .A84 1985 
092 |a 620.007  |b Am35c 
110 2 |a American Society for Engineering Education.  |b Conference  |d (1985 :  |c Atlanta, Ga.) 
245 1 0 |a Computer aided engineering :  |b 1985 proceedings, ASEE Annual Conference, June 16-20,1985 /  |c edited by Lawrence P. Grayson, Joseph M. Biedenbach ; hosted by Georgia Institute of Technology. 
264 1 |a Washington, D.C. :  |b The Society,  |c [1985] 
264 4 |c ©1985 
300 |a 3 volumes (xxiv, 1639 pages) :  |b illustrations ;  |c 28 cm. 
336 |a text  |b txt  |2 rdacontent 
337 |a unmediated  |b n  |2 rdamedia 
338 |a volume  |b nc  |2 rdacarrier 
504 |a Includes bibliographical references. 
650 0 |a Engineering  |x Data processing  |v Congresses. 
650 0 |a Engineering  |x Study and teaching  |v Congresses. 
700 1 |a Biedenbach, Joseph M. 
700 1 |a Grayson, Lawrence P. 
999 |a MARS 
999 f f |s f359e6ec-e865-3f75-b345-80cb8c4d1f38  |i aa3df1cb-9992-3e0e-b522-9a5984ae7aa2  |t 0 
952 f f |p ric  |a Texas A&M University  |b Rellis Campus  |c Joint Library Facility  |s JLF  |d Remote Storage  |t 0  |e T62 .A84 1985  |h Library of Congress classification  |i unmediated -- volume  |k v.2  |m A14808407821 
952 f f |p ric  |a Texas A&M University  |b Rellis Campus  |c Joint Library Facility  |s JLF  |d Remote Storage  |t 0  |e T62 .A84 1985  |h Library of Congress classification  |i unmediated -- volume  |k v.3  |m A14808408754 
952 f f |p ric  |a Texas A&M University  |b Rellis Campus  |c Joint Library Facility  |s JLF  |d Remote Storage  |t 0  |e T62 .A84 1985  |h Library of Congress classification  |i unmediated -- volume  |k v.1  |m A14808407708 
998 f f |a T62 .A84 1985  |s v.1-v.3  |t 0  |l Remote Storage